000
00198 a2200097 4500
001
8560
100
_a
Bano Qudsiya
245
_a
Mard-e-Abresham
260
_a
_b
Sang-e-Meel
_c
090
_c
6887
_d
6887
942
_a
NUST-CAE
_c
M
_c
33474
999
_c
243633
_d
243633